000 005460000a22001810004500
003 MACL
005 20160421130229.0
008 160421b xxu||||| |||| 00| 0 eng d
040 _aMACL
_cMACL
041 _aHindi
082 _a700
100 _aवंधोपाध्‍याय राखालदास
_953074
245 _aप्राचीन मुद्रा
260 _bनागरीप्रचारिणी सभा
_c1989
_aवाराणसी
350 _a100
650 _aArts
_953075
942 _cHIN
_k700
_2ddc
999 _c21285
_d21285